000 00658nam a2200229Ia 4500
005 20250425160639.0
008 250425s9999 xx 000 0 und d
020 _a96842278805
041 _aspa
082 _a515.63
245 0 _aANALISIS VECTORIAL Y UNA INTRODUCCION AL ANALISIS VECTORIAL: TEORIA Y PROBLEMAS RESUELTOS
250 _a1A ED.
260 _aMEXICO
260 _aMéxico
_bMcGRAW-HILL
_c1991
300 _a222
500 _aSERIE SCHAUM'S
650 _aANALISIS VECTORIAL-PROBLEMAS Y EJERCICIOS
650 _aCALCULO DE TENSORES-PROBLEMAS, EJERCICIOS
700 _aLuis Gutierrez D.
_etraductor
942 _c01
010 _a1151
999 _c193315
_d193315